000
00308nam a2200121Ia 4500
008
220120s9999||||xx |||||||||||||| ||und||
082
_a
823 HIN
100
_a
Hinton, S.E
_9
11916
245
4
_a
The outsiders
260
_a
Penguin books
_b
New Delhi
_c
2007
300
_a
XIV, 263p.
_b
165
650
_a
GENERAL BOOKS
999
_c
137532
_d
137532